[Event "CRO Team Cup 2019"]
[Site "Losinj"]
[Date "2019.05.16"]
[Round "3.6"]
[White "Palac, Mladen"]
[Black "Cvitan, Ognjen"]
[Result "1-0"]
[WhiteElo "2546"]
[BlackElo "2484"]
[Annotator "TA"]
[PlyCount "61"]
[EventDate "2019.05.15"]
[EventType "team-tourn"]
[EventCountry "CRO"]
[SourceTitle "playchess.com"]
[Source "ChessBase"]
[SourceQuality "1"]

{[%evp 11,61,7,14,13,6,4,10,14,10,10,8,7,18,18,18,18,40,27,80,73,82,73,91,78,94,89,95,85,90,92,88,70,79,70,150,157,281,268,274,275,275,279,287,289,297,219,703,698,685,606,642,619]} 1. e4 c6 2. d4 d5 3. exd5 cxd5 4. Bd3 Nc6 5. c3 Nf6 6. h3 g6 7. Nf3 {B13: Caro-Kann: Exchange Variation and Panov-Botvinnik Attack} Bf5 8. Ne5 (8. Be2 Bg7 9. O-O O-O 10. Bf4 Ne4 11. Nbd2 Re8 12. Re1 h6 13. Bf1 g5 14. Bh2 Qd7 15. Nxe4 Bxe4 {1-0 (35) Caruana,F (2828)-Shankland,S (2725) chess.com INT 2019}) 8... Bxd3 9. Nxd3 {The position is equal.} Bg7 10. Bf4 O-O 11. Nd2 Ne4 12. O-O b6 $146 ({Predecessor:} 12... Nd6 13. Qb3 e6 14. Bxd6 Qxd6 15. Qxb7 Nxd4 16. cxd4 {0-1 (51) Kharakhinov,A (2062)-Khismatullin,D (2656) Tomsk 2011}) 13. Re1 $36 {[%mdl 2048] Black is under pressure.} Nd6 14. Ne5 Rc8 (14... Nxe5 $11 {keeps the balance.} 15. dxe5 Nb7) 15. Nxc6 $16 Rxc6 {[#]} 16. Qa4 $1 {[%cal Ra4c6]} Rc7 17. Qa3 Rd7 18. Bxd6 $1 exd6 19. Qb3 Qa8 20. Nf1 Bh6 21. Qb5 Qb7 22. g3 f5 {[#]} ({Black should try} 22... a6 $14 23. Qb3 b5) 23. f4 $1 g5 (23... a6 $16 24. Qb3 Re7) 24. Re6 $18 Bg7 25. fxg5 f4 26. gxf4 Rxf4 27. Ne3 Rdf7 28. Rf1 ({Don't play} 28. Nxd5 $6 Rf3 $18) 28... a6 $2 (28... Rxf1+ 29. Nxf1 Rf3) 29. Qe8+ {White is clearly winning.} Bf8 30. Rxf4 Rxf4 31. Ng4 {Accuracy: White = 80%, Black = 40%.} 1-0

[Event "CRO Team Cup 2019"]
[Site "Losinj"]
[Date "2019.05.16"]
[Round "3.7"]
[White "Kurajica, Bojan"]
[Black "Zelcic, Robert"]
[Result "1/2-1/2"]
[WhiteElo "2505"]
[BlackElo "2516"]
[Annotator "TA"]
[PlyCount "112"]
[EventDate "2019.05.15"]
[EventType "team-tourn"]
[EventCountry "CRO"]
[SourceTitle "playchess.com"]
[Source "ChessBase"]
[SourceQuality "1"]

{[%evp 18,112,31,29,36,12,12,12,12,12,12,12,11,11,14,5,18,7,10,0,18,0,9,11,26,0,16,0,9,9,9,9,9,8,17,0,3,0,0,0,0,0,0,-4,0,0,0,0,29,0,0,0,0,0,0,-4,0,0,0,0,0,0,0,0,0,0,0,0,0,0,0,0,0,0,0,0,0,0,0,0,0,0,0,0,0,0,0,0,0,0,0,0,0,0,0,0,0]} 1. Nf3 d5 2. b3 Nf6 3. Bb2 e6 4. g3 Be7 5. Bg2 O-O 6. O-O c5 7. c4 Nc6 8. cxd5 Nxd5 9. d4 cxd4 10. Nxd4 Bd7 {A14: English Opening: 1...e6 with b3 by White} 11. Qd2 $146 ({Predecessor:} 11. Na3 Nxd4 12. Qxd4 Bf6 13. Qd2 Bc6 14. Nc4 Bxb2 15. Qxb2 b5 16. Ne5 Bb7 17. a4 bxa4 18. Rfd1 {0-1 (77) Nakamura,H (2777)-Karjakin,S (2773) Saint Louis 2018}) 11... Nxd4 12. Bxd4 Bc6 13. Qb2 Bf6 14. Bxf6 Qxf6 15. Qxf6 gxf6 16. Rc1 Rac8 17. Nd2 Rfd8 18. Nc4 Bb5 19. Bf3 b6 20. a4 Ba6 21. Kg2 Rd7 22. Nb2 Rc3 23. Bxd5 Rxc1 24. Rxc1 {[#] aiming for Bc4.} Rxd5 $11 {[%mdl 4096] Endgame KRB-KRN} 25. Rc2 Rd4 26. Nc4 Kf8 27. Kf3 Rd1 28. Ke3 (28. a5 {looks sharper.} Rb1 29. Rc3 bxa5 30. Nxa5 f5 31. Ke3) 28... Bxc4 29. Rxc4 {KR-KR} Rb1 30. Rc3 Rb2 31. g4 a6 32. f4 b5 33. axb5 axb5 {The position is equal.} 34. Kf3 b4 35. Rd3 Kg7 36. h3 f5 37. gxf5 exf5 38. e3 Kg6 39. Rd6+ f6 40. Rd3 h6 41. Kg3 Kh5 42. Kf3 Rh2 43. Kg3 Rc2 {[#] Hoping for ...Rc3.} (43... Rb2 {seems wilder.}) 44. Kf3 Rb2 45. Kg3 Rb1 46. Kf3 Kg6 47. Kg3 h5 48. h4 Rg1+ 49. Kf3 Rb1 50. Kg3 Kf7 51. Kg2 Ke6 52. Kf2 Rb2+ 53. Kg3 Rb1 54. Kg2 Rb2+ 55. Kf3 Rb1 56. Kg2 Rb2+ {Accuracy: White = 70%, Black = 68%.} 1/2-1/2

[Event "CRO Team Cup 2019"]
[Site "Losinj"]
[Date "2019.05.16"]
[Round "3.8"]
[White "Jankovic, Alojzije"]
[Black "Rogic, Davor"]
[Result "1/2-1/2"]
[WhiteElo "2536"]
[BlackElo "2498"]
[Annotator "TA"]
[PlyCount "162"]
[EventDate "2019.05.15"]
[EventType "team-tourn"]
[EventCountry "CRO"]
[SourceTitle "playchess.com"]
[Source "ChessBase"]
[SourceQuality "1"]

{[%evp 9,162,3,7,-9,0,-17,-14,-4,-8,-14,0,0,7,-47,-22,-10,0,-12,0,-11,0,-90,-27,-65,-55,-69,-64,-60,-29,-40,-28,-35,-26,-25,-29,-29,0,0,0,-12,-10,-10,-9,-9,-9,-9,-13,-44,-23,-36,-36,-50,-50,-50,-50,-48,-34,-52,-50,-62,0,-81,-43,-47,-53,-72,-72,-148,-131,-138,-87,-198,-50,-87,-87,-110,-110,-120,-129,-120,-56,-56,-56,-63,-63,-63,-79,-80,0,0,0,0,0,0,0,0,0,0,0,0,0,0,0,0,0,0,0,0,0,0,0,0,0,0,0,0,0,0,0,0,0,0,0,0,0,0,0,0,0,0,0,0,0,0,0,0,0,0,0,0,0,0,0,0,0,0,0,0,0,0,0,0,0,0,0]} 1. d4 d5 2. c4 c6 3. Nf3 Nf6 4. Qc2 g6 5. Bf4 dxc4 (5... Bg7 6. e3 O-O 7. cxd5 Bf5 8. Qb3 Bxb1 9. Rxb1 Qa5+ 10. Nd2 Nxd5 11. Bg3 e5 12. dxe5 Nd7 13. Qa3 Qxa3 14. bxa3 b5 {0-1 (57) Romanov,E (2611)-Saric,I (2689) Biograd 2018}) (5... Bg7 6. e3 O-O 7. Nc3 c5 8. dxc5 Qa5 9. Rc1 Na6 10. a3 Bf5 11. Qd2 dxc4 12. Bxc4 Rad8 13. Nd4 Nh5 14. Bg5 Qxc5 15. Ncb5 h6 {1-0 (32) Jankovic,A (2558)-Rogic,D (2519) Biograd 2018}) 6. e4 {D11: Slav Defence: 3 Nf3 sidelines and 3...Nf6 4 e3 Bg4} b5 7. b3 $146 ({Predecessor:} 7. Nc3 Bg7 8. Be2 O-O 9. O-O Nbd7 10. a4 b4 11. Nd1 Ba6 12. Bxc4 Bxc4 13. Qxc4 Nxe4 14. Qxc6 {½-½ (41) Tleptsok,R (2455)-Jacobs,R (2416) ICCF email 2013}) 7... cxb3 8. axb3 Bg7 9. Be2 O-O 10. O-O Bb7 11. Nbd2 (11. Nc3 $11) 11... Nbd7 12. h3 a6 13. Ra2 Qb6 14. Be3 Rfc8 15. Rfa1 (15. b4 $11) 15... a5 ({Black should play} 15... c5 $17 {Hoping for ...cxd4.} 16. dxc5 Rxc5) 16. Qc3 c5 17. Qd3 $1 cxd4 $1 18. Bxd4 Nc5 (18... Qc7 {is more complex.} 19. Qe3 e5 20. Bb2 Bc6 21. Rc1 Qb8) 19. Qxb5 Qxb5 20. Bxb5 Nfxe4 21. Bxg7 Kxg7 22. Rxa5 Rab8 23. b4 Ne6 24. Bd7 Nxd2 25. Nxd2 Rd8 26. Bxe6 $1 Rxd2 27. Bc4 Rc8 28. Bf1 Rcc2 29. Ra7 Bd5 $36 {[%mdl 2048] Black has some pressure.} 30. Rd7 e6 31. f3 g5 32. b5 Rb2 33. Rc7 Kf6 34. Rcc1 Ke5 (34... h5 $15) 35. Rab1 (35. Ra7 $11) 35... f5 36. Rxb2 Rxb2 $15 {[%mdl 4096] Endgame KRB-KRB} 37. Rc7 h5 38. Rh7 (38. Rc1 $142) 38... h4 $1 $17 39. Rc7 Kf4 (39... Kd4 $142 $1 40. Rc1 e5 41. Rd1+ Kc5 42. Rc1+ Kd6) 40. Rc1 {[#]} (40. Rc5 $17 {might work better.}) 40... Kg3 (40... e5 $1 $19 41. Rc5 Ba2) 41. Re1 Bb3 42. Rc1 Ba4 43. f4 Bxb5 44. Bxb5 Rxb5 (44... Rxg2+ $17 45. Kf1 gxf4 46. Rc3+ f3 47. Rxf3+ Kxf3 48. Bc6+ Kg3 49. Bxg2 f4) 45. fxg5 {White threatens Rf1 and mate. KR-KR} Kf4 46. g6 Rb7 47. Rc6 e5 48. Kf2 {[#]} Rg7 (48... Kg5 $1 $17) 49. Re6 $11 {The position is equal.} e4 50. Ra6 Kg5 51. Ke3 Rxg6 52. Ra8 $1 Rg7 53. Rf8 Re7 54. Rg8+ Kf6 55. Ra8 Re6 56. Rb8 Kg5 57. Rg8+ Rg6 58. Ra8 Rg7 59. Rf8 Ra7 {And now ...Ra3+ would win.} 60. Rg8+ Kf6 61. Kf4 Ra2 62. Rf8+ Ke6 63. Re8+ Kf6 (63... Kf7 $5 64. Re5 $8 Rf2+ 65. Kg5 Kg7 $11) 64. Rf8+ Kg6 {White must now prevent ...Rf2+.} 65. Rh8 Kg7 66. Rh5 Rf2+ 67. Ke3 Kg6 68. Rh8 $1 Rb2 {Strongly threatening ...Kg7.} 69. Kf4 Rf2+ 70. Ke3 Rf1 (70... Rc2 {seems wilder.} 71. Kf4 Re2 72. Ra8 Rf2+ 73. Ke3 Rf1) 71. Rxh4 Kg5 72. Rh8 Re1+ 73. Kf2 Ra1 74. g3 Ra2+ 75. Ke3 Ra3+ 76. Kf2 Rf3+ 77. Kg2 Kf6 78. Re8 Rc3 79. g4 Rc2+ 80. Kg3 Rc3+ 81. Kg2 fxg4 {Accuracy: White = 61%, Black = 44%.} 1/2-1/2

[Event "CRO Team Cup 2019"]
[Site "Losinj"]
[Date "2019.05.16"]
[Round "3.9"]
[White "Fercec, Nenad"]
[Black "Biti, Ozren"]
[Result "1/2-1/2"]
[WhiteElo "2447"]
[BlackElo "2366"]
[Annotator "TA"]
[PlyCount "34"]
[EventDate "2019.05.15"]
[EventType "team-tourn"]
[EventCountry "CRO"]
[SourceTitle "playchess.com"]
[Source "ChessBase"]
[SourceQuality "1"]

{[%evp 9,34,13,6,-26,-17,-30,-16,-35,-23,-38,5,-7,-7,0,0,-17,-6,-2,6,-5,-6,-37,-37,-45,-14,-33,-13]} 1. e4 e5 2. Nf3 Nf6 3. Nxe5 Nxe4 4. d3 (4. Qe2 Qe7 5. Qxe4 d6 6. d4 dxe5 7. dxe5 Nc6 8. Nc3 Qxe5 9. Bf4 Qxe4+ 10. Nxe4 Bf5 11. Bd3 O-O-O 12. O-O-O Bg6 13. a3 Rd4 14. Rhe1 f5 15. Ng3 Rxf4 16. Bxf5+ Rxf5 17. Nxf5 {0-1 (70) Andriasian,Z (2604)-Ponkratov,P (2630) chess.com INT 2019}) 4... Nf6 5. d4 d6 6. Nc4 {C42: Petroff Defence: 3 Nxe5 and unusual White 3rd moves} (6. Nf3 {looks sharper.} d5 7. Bd3 Bd6 8. Qe2+ Be6 9. Ng5) 6... d5 7. Ne3 Bd6 8. g3 {The position is equal.} O-O 9. Bg2 Be6 $146 (9... c5 $5 {[%cal Rc5d4]} 10. O-O cxd4 11. Qxd4 Nc6 $15) ({Predecessor:} 9... Re8 10. O-O c6 11. c4 dxc4 12. Nxc4 Bc7 13. Bg5 {1-0 (43) Firman,N (2465)-Szewczyk,M (2052) Katowice 2015}) 10. O-O c6 11. Nd2 Re8 12. c3 Qc8 13. Re1 Bh3 14. Bxh3 Qxh3 15. Qf3 Nbd7 16. Ndf1 g6 17. Qg2 Qxg2+ {Accuracy: White = 43%, Black = 58%.} 1/2-1/2

[Event "CRO Team Cup 2019"]
[Site "Losinj"]
[Date "2019.05.16"]
[Round "3.10"]
[White "Ascic, Pero"]
[Black "Zufic, Miroslav"]
[Result "1/2-1/2"]
[WhiteElo "2324"]
[BlackElo "2388"]
[Annotator "TA"]
[PlyCount "57"]
[EventDate "2019.05.15"]
[EventType "team-tourn"]
[EventCountry "CRO"]
[SourceTitle "playchess.com"]
[Source "ChessBase"]
[SourceQuality "1"]

{[%evp 11,57,37,48,0,4,5,27,-2,0,-13,-4,-12,5,0,17,6,11,-10,-12,-10,-4,-8,-6,-33,-16,-33,-34,-39,-12,-15,0,-37,18,0,0,0,0,0,0,0,0,-21,-19,-19,0,-20,0,0]} 1. e4 c5 2. Nf3 d6 3. Bb5+ Nd7 4. O-O Ngf6 5. Re1 a6 6. Bf1 b6 7. b3 {B51: Sicilian: Moscow Variation (3 Bb5+) without 3...Bd7} (7. d4 cxd4 8. Qxd4 Bb7 9. Nc3 e6 10. Bg5 Be7 11. Rad1 Qc7 12. a4 Rc8 13. h3 O-O 14. Qe3 h6 15. Bh4 Rfd8 16. Bg3 {0-1 (26) Bacrot,E (2708)-Karjakin,S (2781) Paris 2017}) 7... Bb7 8. d3 g6 9. Bb2 {White has an edge.} Bg7 10. c4 $146 ({Predecessor:} 10. g3 O-O 11. Bg2 Qc7 12. c3 b5 13. Nbd2 Ne5 14. Qe2 Nxf3+ 15. Bxf3 {0-1 (30) Player,E (2248)-Gormally,D (2500) Brighton 2013}) 10... O-O 11. g3 e5 12. Nc3 Ne8 13. Nd5 Nc7 14. Nxc7 Qxc7 15. Nh4 Rae8 16. Bh3 Nb8 17. Qe2 Qd8 18. Bc3 Nc6 19. Ng2 f5 20. exf5 gxf5 21. Qh5 Qf6 ({Better is} 21... Re6 $15 22. Nh4 (22. Bxf5 Rh6 $15) 22... Rh6) 22. Ne3 {[%cal Rh3f5] The position is equal.} Qg6 23. Qxg6 hxg6 24. Bg2 b5 {[%cal Bb6b5,Bb5b4][%mdl 32]} 25. Nd5 Rf7 26. Rac1 b4 27. Bb2 Rb8 28. Rc2 Ne7 29. f4 {Accuracy: White = 37%, Black = 40%.} 1/2-1/2

[Event "CRO Team Cup 2019"]
[Site "Losinj"]
[Date "2019.05.16"]
[Round "3.11"]
[White "Franic, Milan"]
[Black "Filipovic, Marko"]
[Result "1-0"]
[WhiteElo "2388"]
[BlackElo "2324"]
[Annotator "NA RC"]
[PlyCount "141"]
[EventDate "2019.05.15"]
[EventType "team-tourn"]
[EventCountry "CRO"]
[SourceTitle "playchess.com"]
[Source "ChessBase"]
[SourceQuality "1"]
[TimeControl "40/5400+30:1800+30"]

{[%evp 22,139,43,65,59,32767,32767,32767,32767,32767,64,65,73,32767,95,68,32767,32767,104,32767,102,88,32767,98,92,72,120,90,107,111,107,32767,105,87,91,104,108,77,92,17,126,129,138,138,130,135,166,136,144,146,156,158,145,80,95,32767,29,32767,40,29,98,60,47,51,72,50,32767,61,32767,108,32767,32767,32767,0,28,0,39,50,39,44,40,50,43,32767,37,36,44,45,32767,58,62,62,449,598,559,577,559,32767,32767,32767,32767,341,603,743,743,516,486,586,839,405,354,32767,388,297,349,377,5735,29963,5689,5795]} 1. d4 {[%emt 0:03:30]} Nf6 {[%emt 0:00:30]} 2. c4 {[%emt 0:00:00]} c5 {[%emt 0:00:30]} 3. d5 {[%emt 0:00:00]} b5 {[%emt 0:00:30]} 4. cxb5 {[%emt 0:00:30]} a6 {[%emt 0:00:00]} 5. bxa6 {[%emt 0:00:00]} Bxa6 {[%emt 0:00:00]} 6. Nc3 {[%emt 0:00:00]} g6 {[%emt 0:00:30]} 7. Nf3 {[%emt 0:00:00]} d6 {[%emt 0:00:30]} 8. Nd2 {[%emt 0:00:00]} Bg7 {[%emt 0:01:30]} 9. e4 {[%emt 0:00:30]} Bxf1 {[%emt 0:00:30]} 10. Nxf1 {[%emt 0:00:00]} O-O {[%emt 0:08:30]} 11. Ne3 {[%emt 0:00:00]} Qa5 {[%emt 0:08:30]} 12. O-O {[%emt 0:00:30]} Nbd7 {[%emt 0:01:30]} 13. Qc2 {[%emt 0:02:30] A58: Benko/Volga Gambit: Lines with 5 bxa6} Rfb8 {[%emt 0:08:30]} 14. Bd2 {[%emt 0:03:30]} Ne8 {[%emt 0:13:30]} (14... Nb6 15. b3 Qa6 16. a4 Ne8 17. h4 Bd4 18. Ra2 Nd7 19. Nc4 Ne5 20. Ne2 Nxc4 21. bxc4 {½-½ (36) Sasikiran,K (2637)-Faizulaev,A (2405) Abu Dhabi 2016}) 15. b3 {[%emt 0:02:30]} Nc7 {[%emt 0:01:30]} 16. a4 {[%emt 0:00:30]} Qa6 {[%emt 0:02:30]} 17. Rab1 {[%emt 0:01:30]} Ne5 {[%emt 0:08:30]} 18. Rfd1 $146 {[%emt 0:06:30]} ({Predecessor:} 18. Kh1 Nd3 19. Nc4 Nb4 20. Qd1 e6 21. dxe6 fxe6 {½-½ (42) Banovic,I (2190)-Stanojevic,B (2183) Novi Sad 2017}) 18... Nd3 {[%emt 0:09:30]} 19. Be1 {[%emt 0:03:30]} Nxe1 {[%emt 0:07:30]} 20. Rxe1 {[%emt 0:00:30]} Rb4 {[%emt 0:02:30]} 21. Ne2 {[%emt 0:09:30]} Rab8 {[%emt 0:03:30]} 22. Nc4 {[%emt 0:04:30]} Na8 {[%emt 0:01:16]} 23. Nc3 {[%emt 0:05:30]} Nc7 {[%emt 0:07:14]} 24. Red1 {[%emt 0:03:30]} Bd4 {[%emt 0:02:25]} 25. Ne2 {[%emt 0:01:30]} Bg7 {[%emt 0:00:22]} 26. g3 {[%emt 0:03:30]} Na8 {[%emt 0:01:30]} 27. Nf4 {[%emt 0:14:30]} R4b7 {[%emt 0:01:59]} 28. Ng2 {[%emt 0:08:30]} Rb4 {[%emt 0:02:18]} 29. Nge3 {[%emt 0:00:30]} Bd4 {[%emt 0:00:21]} 30. Qd3 {[%emt 0:04:30]} (30. h3 $16) 30... R4b7 {[%emt 0:02:23]} (30... Bxe3 $1 $11 {remains equal.} 31. Qxe3 Nb6) 31. Nc2 {[%emt 0:02:30]} Bg7 {[%emt 0:00:15]} 32. N2a3 {[%emt 0:04:34]} Nc7 {[%emt 0:00:11]} 33. Kg2 {[%emt 0:00:00]} Bd4 {[%emt 0:00:39]} 34. Nc2 {[%emt 0:00:25]} Bg7 {[%emt 0:01:32]} 35. f4 {[%emt 0:03:00]} Rd8 {[%emt 0:01:53]} 36. Qf3 {[%emt 0:01:04]} e6 {[%emt 0:01:00]} 37. dxe6 {[%emt 0:08:28]} (37. g4 $18) 37... fxe6 {[%emt 0:00:14]} 38. f5 {[%emt 0:00:34]} exf5 {[%emt 0:01:24]} 39. exf5 {[%emt 0:00:09]} d5 {[%emt 0:00:09]} 40. N2e3 {[%emt 0:00:53]} d4 {[%emt 0:00:46]} (40... Bd4 $14 41. Na3 Bxe3 42. Qxe3 d4) 41. fxg6 {[%emt 0:32:24]} hxg6 {[%emt 0:31:30]} 42. Ng4 {[%emt 0:00:00]} Nd5 {[%emt 0:00:00]} 43. Rf1 {[%emt 0:00:00]} Nc3 {[%emt 0:00:00]} 44. Rbe1 {[%emt 0:00:00]} Rf8 {[%emt 0:00:00]} (44... d3 $14) 45. Qd3 {[%emt 0:00:00]} Rxf1 {[%emt 0:00:00]} 46. Rxf1 {[%emt 0:00:00]} Qc6+ {[%emt 0:00:00]} 47. Kh3 {[%emt 0:00:00]} (47. Rf3 $16 Kh7 48. Na5) 47... Qe6 {[%emt 0:00:00]} 48. Nd2 {[%emt 0:00:00]} Nd5 {[%emt 0:00:00]} 49. Qe4 {[%emt 0:00:00]} Qxe4 {[%emt 0:00:00]} 50. Nxe4 {[%emt 0:00:00]} Rxb3 {[%emt 0:00:00]} 51. Nxc5 {[%emt 0:00:00]} Rc3 {[%emt 0:00:13]} 52. Ne6 {[%emt 0:00:00]} d3 {[%emt 0:01:43]} 53. Rd1 {[%emt 0:01:29]} Ra3 {[%emt 0:00:20]} 54. Nf2 {[%emt 0:01:26]} Rxa4 {[%emt 0:02:38]} 55. Rxd3 {[%emt 0:00:09]} Ra5 {[%emt 0:00:22]} 56. Ne4 {[%emt 0:00:39]} Ne7 $2 {[%emt 0:02:17]} ({Better is} 56... Bf8 $14) 57. Rd8+ {[%emt 0:00:40]} Kh7 {[%emt 0:00:13]} 58. Rd7 {[%emt 0:00:51]} Nf5 {[%emt 0:00:33]} 59. g4 {[%emt 0:03:33]} Ra3+ {[%emt 0:00:12]} 60. Kg2 {[%emt 0:00:03]} Ra2+ {[%emt 0:00:40]} 61. Kg1 {[%emt 0:00:15]} (61. Kf3 $142 Nd4+ 62. Nxd4) 61... Ra1+ {[%emt 0:00:23]} (61... Kh6 $142 62. h3 Ra4 63. gxf5 Rxe4 64. Nxg7 Kg5) 62. Kf2 {[%emt 0:00:12]} Ra2+ {[%emt 0:00:27]} 63. Ke1 {[%emt 0:02:47]} Ra1+ {[%emt 0:00:28]} 64. Ke2 {[%emt 0:00:20]} Ra2+ {[%emt 0:00:04]} 65. Nd2 {[%emt 0:00:15]} Kh6 {[%emt 0:01:17]} 66. gxf5 {[%emt 0:00:32]} Be5 {[%emt 0:00:27]} 67. fxg6 {[%emt 0:02:40]} (67. h3 {[%emt 0:02:14]}) 67... Kxg6 {[%emt 0:00:30]} 68. h3 {[%emt 0:00:30]} Ra6 {[%emt 0:00:30]} 69. Nd4 {[%emt 0:00:30]} Rd6 {[%emt 0:00:30]} 70. Rxd6+ $18 {[%emt 0:00:30]} Bxd6 {[%emt 0:00:30]} 71. Kf3 {[%emt 0:00:30]} 1-0

[Event "CRO Team Cup 2019"]
[Site "Losinj"]
[Date "2019.05.16"]
[Round "3.12"]
[White "Vargic, Drago"]
[Black "Valkovic, Kristian"]
[Result "1/2-1/2"]
[WhiteElo "2274"]
[BlackElo "2055"]
[Annotator "ChessBase"]
[PlyCount "108"]
[EventDate "2019.05.15"]
[EventType "team-tourn"]
[EventCountry "CRO"]
[SourceTitle "playchess.com"]
[Source "ChessBase"]
[SourceQuality "1"]
[TimeControl "40/5400+30:1800+30"]

1. e4 {[%emt 0:01:30]} d6 {[%emt 0:00:30]} 2. d4 {[%emt 0:00:30]} Nf6 {[%emt 0:00:00]} 3. Nc3 {[%emt 0:00:30]} g6 {[%emt 0:00:00]} 4. f4 {[%emt 0:01:30]} Bg7 {[%emt 0:00:00]} 5. Nf3 {[%emt 0:01:30]} O-O {[%emt 0:00:00]} 6. e5 {[%emt 0:02:30]} dxe5 {[%emt 0:00:30]} 7. fxe5 {[%emt 0:00:30]} Nd5 {[%emt 0:01:30]} 8. Bc4 {[%emt 0:04:30]} Be6 {[%emt 0:10:30]} 9. Bb3 {[%emt 0:10:30]} c5 {[%emt 0:08:30]} 10. Ne4 {[%emt 0:24:30]} cxd4 {[%emt 0:08:30]} 11. Nxd4 {[%emt 0:15:30]} Bxe5 {[%emt 0:10:30]} 12. Bh6 {[%emt 0:02:30]} Bg7 {[%emt 0:14:30]} 13. Bxg7 {[%emt 0:00:30]} Kxg7 {[%emt 0:00:30]} 14. Ng5 {[%emt 0:05:30]} Qa5+ {[%emt 0:07:30]} 15. c3 {[%emt 0:05:30]} Nf4 {[%emt 0:05:30]} 16. Ngxe6+ {[%emt 0:05:43]} fxe6 {[%emt 0:01:30]} 17. O-O {[%emt 0:00:15]} e5 {[%emt 0:03:30]} 18. Rxf4 {[%emt 0:02:18]} Rxf4 {[%emt 0:00:30]} 19. Ne6+ {[%emt 0:00:38]} Kh6 {[%emt 0:02:30]} 20. g3 {[%emt 0:00:40]} Qb6+ {[%emt 0:03:38]} 21. Kh1 {[%emt 0:01:27]} Re4 {[%emt 0:02:24]} 22. Bd5 {[%emt 0:05:54]} Nd7 {[%emt 0:09:26]} 23. Qd2+ {[%emt 0:02:04]} Qe3 {[%emt 0:00:35]} 24. Qd1 {[%emt 0:03:31]} Nf6 {[%emt 0:01:25]} 25. Bxe4 {[%emt 0:01:10]} Qxe4+ {[%emt 0:02:21]} 26. Kg1 {[%emt 0:00:12]} Qe3+ {[%emt 0:00:52]} 27. Kg2 {[%emt 0:00:09]} Qe4+ {[%emt 0:01:27]} 28. Qf3 {[%emt 0:00:33]} Qxf3+ {[%emt 0:04:01]} 29. Kxf3 {[%emt 0:00:50]} Rc8 {[%emt 0:00:31]} 30. Rd1 {[%emt 0:00:30]} Rc6 {[%emt 0:00:30]} 31. Nd8 {[%emt 0:00:30]} Rb6 {[%emt 0:00:30]} 32. b3 {[%emt 0:00:30]} Kg7 {[%emt 0:00:30]} 33. c4 {[%emt 0:00:30]} a5 {[%emt 0:00:30]} 34. c5 {[%emt 0:00:30]} Rb4 {[%emt 0:00:17]} 35. c6 {[%emt 0:00:45]} bxc6 {[%emt 0:00:39]} 36. Nxc6 {[%emt 0:00:05]} Rb5 {[%emt 0:00:59]} 37. Nxe7 {[%emt 0:00:14]} a4 {[%emt 0:00:44]} 38. bxa4 {[%emt 0:00:47]} Ra5 {[%emt 0:00:15]} 39. Nc6 {[%emt 0:00:20]} e4+ {[%emt 0:00:23]} 40. Kf4 {[%emt 0:00:38]} g5+ {[%emt 0:00:45]} 41. Ke3 {[%emt 0:30:27]} Rxa4 {[%emt 0:00:18]} 42. Rd2 {[%emt 0:00:00]} Ng4+ {[%emt 0:04:30]} 43. Ke2 {[%emt 0:00:00]} Nxh2 {[%emt 0:02:30]} 44. Rd7+ {[%emt 0:00:00]} Kg6 {[%emt 0:02:30]} 45. Ra7 {[%emt 0:00:00]} Rxa7 {[%emt 0:00:30]} 46. Nxa7 {[%emt 0:00:00]} Ng4 {[%emt 0:06:39]} 47. a4 {[%emt 0:00:00]} Ne5 {[%emt 0:00:36]} 48. a5 {[%emt 0:00:00]} Nc4 {[%emt 0:00:21]} 49. a6 {[%emt 0:00:00]} Nb6 {[%emt 0:01:14]} 50. Nc6 {[%emt 0:00:00]} Kf5 {[%emt 0:02:23]} 51. a7 {[%emt 0:00:00]} Kg4 {[%emt 0:01:32]} 52. Ne7 {[%emt 0:00:00]} Kxg3 {[%emt 0:02:11]} 53. Nd5 {[%emt 0:00:00]} Na8 {[%emt 0:00:10]} 54. Nf6 {[%emt 0:00:00]} Kf4 {[%emt 0:01:32]} 1/2-1/2